| 000 | 00561nam a22001937a 4500 | ||
|---|---|---|---|
| 005 | 20180525142410.0 | ||
| 010 | _aENG-123102 | ||
| 020 |
_a9789382711681 _c295.00 |
||
| 035 | _aEN-106634 | ||
| 037 | _bDBAD/PUB. | ||
| 082 | _aN | ||
| 100 | _a Tanvir Salim | ||
| 245 |
_aOn a hot summer day in Gorakhpur / _cby Tanvir Salim |
||
| 260 |
_a New Delhi _bVitasta Publishing _c2017 |
||
| 270 |
_a2/15, Ansari Road, Dariyaganj, _b New Delhi _e110002 _minfo@vitastapublishing.com |
||
| 300 | v |
_a322p. _b22cm.(pbk) |
|
| 650 | _afiction | ||
| 942 |
_2ddc _cEN _mSAL _hN |
||
| 999 |
_c152278 _d152278 |
||